Statistiques concernant Les plus grandes villes d'Italie

Cliquez ici pour prendre le quiz!

Statistiques générales

  • Ce quiz a été pris 325 fois
  • Le résultat moyen est 22 sur 50

Statistiques - réponses

PopulationVilles% Correct
2 855 397Rome
100%
957 075Naples
99%
1 404 239Milan
98%
878 735Turin
97%
260 203Venise
95%
378 839Florence
93%
661 733Palerme
89%
577 583Gênes
86%
392 696Bologne
79%
320 257Bari
75%
257 993Vérone
71%
310 904Catane
67%
154 267Cagliari
64%
196 518Parme
63%
204 078Trieste
59%
121 639Bergame
58%
231 708Messine
49%
198 340Brescia
46%
210 993Padoue
45%
121 171Syracuse
45%
186 307Modène
44%
150 576Rimini
39%
118 288Trente
37%
95 269Lecce
35%
196 702Tarente
35%
99 377Udine
35%
157 783Livourne
33%
123 397Monza
32%
157 663Ravenne
30%
180 369Reggio de Calabre
29%
101 043Ancône
28%
165 956Pérouse
27%
119 297Pescara
27%
133 364Salerne
27%
171 999Reggio d'Emilie
25%
107 739Bolzane
23%
126 870Sassari
21%
132 052Ferrare
20%
194 590Prato
20%
151 203Foggia
19%
126 746Latina
18%
104 279Novare
13%
103 942Plaisance
13%
110 790Vicence
13%
99 179Arezzo
8%
117 798Forli
8%
110 749Terni
7%
97 210Cesena
6%
123 490Giugliano in Campania
4%
99 671Andria
3%

Distribution des résultats

Percentile par nombre de réponses

% des personnes avec chaque résultat

Votre développement - résultats

Vous n’avez pas pris ce quiz